লোডিং...

Aesthetic Theory

গ্রন্থ-পঞ্জীর বিবরন
প্রধান লেখক: Adorno, Theodor W
বিন্যাস: Printed Book
ভাষা:Undetermined
প্রকাশিত: London : Bloomsbury, 2015
বিষয়গুলি:
LEADER 00472nam a2200145Ia 4500
008 200324s9999 xx 000 0 und d
082 |a 111.85  |b ADO.A 
100 |a Adorno, Theodor W 
245 0 |a Aesthetic Theory 
260 |a London :  |b Bloomsbury,  |c 2015 
300 |a 489p. 
650 |a Aesthetics-- Philosophy 
942 |c BK 
999 |c 288317  |d 288317 
952 |0 0  |1 0  |4 0  |6 111_850000000000000_ADO_A  |7 0  |9 306853  |a SDE  |b SDE  |d 2019-05-31  |l 0  |o 111.85 ADO.A  |p SDE24330  |r 2020-03-27  |w 2020-03-27  |y BK